000 00372nam a22001577a 4500
005 20160620100603.0
008 160620b xxu||||| |||| 00| 0 eng d
041 _aeng
082 _b8367
100 _aAhuja. B.N. and chhabra S.S.
_91989
245 _aPublic Relations
260 _bSujeet Publication
_c2004
300 _a104
650 _aManagement
_9241
942 _cBK
999 _c3203
_d3202